Política social, educación y salud en México : una visión multidisciplinaria /
Збережено в:
| Автор: | |
|---|---|
| Інші автори: | |
| Формат: | Книга |
| Мова: | Іспанська |
| Опубліковано: |
México :
UNAM, Escuela Nacional de Trabajo Social : Plaza y Valdés,
2007, c2007
|
| Серія: | (Necesidades Sociales y Políticas Públicas ;
4) |
| Предмети: | |
| Теги: |
Немає тегів, Будьте першим, хто поставить тег для цього запису!
|
MARC
| LEADER | 00000nam^a2200000^a^4500 | ||
|---|---|---|---|
| 001 | 000323415 | ||
| 005 | 20250521000000.0 | ||
| 009 | 20260310113638.246 | ||
| 020 | |a 978-970-722-634-0 | ||
| 020 | |a 970-32-3809-2 | ||
| 037 | |a Acervo ITESO - Biblioteca | ||
| 041 | |a ESP | ||
| 082 | |a 614. 00972 |b CAM | ||
| 100 | |a Campos Covarrubias, Guillermo |e (comp.) | ||
| 245 | 1 | 0 | |a Política social, educación y salud en México : |b una visión multidisciplinaria / |c Comp. de G. Campos Covarrubias, M.D. Zarza Arizmendi. |
| 264 | 4 | |a México : |b UNAM, Escuela Nacional de Trabajo Social : |b Plaza y Valdés, |c 2007, c2007 | |
| 300 | |a 208 p. | ||
| 336 | |a texto |b txt |2 rdacontenido | ||
| 337 | |a sin mediación |b n |2 rdamedio | ||
| 338 | |a volumen |b nc |2 rdasoporte | ||
| 440 | 1 | |a (Necesidades Sociales y Políticas Públicas ; |v 4) | |
| 649 | |a XX | ||
| 650 | |a Política y Salud Pública - |z México - |x Tema Principal | ||
| 650 | |a Política Educativa - |z México | ||
| 650 | |a Política Social - |z México | ||
| 650 | |a Educación y Salud - |x Tema Principal | ||
| 650 | |a Educación Superior - |z México | ||
| 650 | |a Salud Pública - |z México - |x Tema Principal | ||
| 700 | |a Zarza Arizmendi, María Dolores |e (compilación) | ||
| 910 | |a Fondo General | ||
| 920 | |a Impresos - Libros | ||
| 930 | |a Colección General | ||
| 905 | |a 101 | ||
| 901 | |a 0500211213 |b IT1 |c ACC |i C133049 |u 20250521 | ||
| 902 | |a https://opac.biblio.iteso.mx/vufind/Record/000323415 | ||